000 01878nam2a22002651 4500
001 RU\NLR\Per\798170
005 20260408050516.0
035 _a(NLR Aleph) 003042851
090 _a2065205
_c2065205
100 _a20110923d2011 |||y0rusy50 ca
101 0 _arus
102 _aRU
105 _ay |||||||||
200 1 _aПо материалам Всероссийской научно-практической конференции с международным участием "Проблемы озеленения городов Сибири и сопредельных территорий", 18-20 августа 2011 г.
210 _d2011
_aБ. м.
461 0 _1001RU\NLR\INFOCOMM31\1000034227
_12001#$aВестник Иркутской государственной сельскохозяйственной академии$dVestnik of the Irkutsk state agricultural academy$eСб. науч. трудов$zeng$vВып. 44, ч. 1
_92178836
_aИркутская государственная сельскохозяйственная академия
_cИркутск
_d2000 - 2015
_lVestnik of the Irkutsk state agricultural academy
_nИзд-во ИГСХА
_oСб. науч. трудов
_tВестник Иркутской государственной сельскохозяйственной академии
_x1999-3765
_vВып. 44, ч. 1
710 1 2 _a"Проблемы озеленения городов Сибири и сопредельных территорий", всероссийская научно-практическая конференция с международным участием
_f2011
_eИркутск
_3RU\NLR\AUTH\8810195692
_9280625
801 1 _aRU
_bInfoComm
_c20040323
801 0 _aRU
_bNLR
_gPSBO
801 2 _aRU
_bNLR
_c20080808
_2rusmarc
852 _aNLR
_jП7/2553
942 _cISSUE
980 _aNB
980 _aRUSPER